The discovery of Goa. (Record no. 77411)

MARC details
000 -LEADER
fixed length control field 00515nam a22002051 4500
001 - CONTROL NUMBER
control field sa 68000716
003 - CONTROL NUMBER IDENTIFIER
control field DLC
005 - DATE AND TIME OF LATEST TRANSACTION
control field 20260227112426.0
008 - FIXED-LENGTH DATA ELEMENTS--GENERAL INFORMATION
fixed length control field 710901s1964 ii a 00000 eng
010 ## - LIBRARY OF CONGRESS CONTROL NUMBER
LC control number sa 68000716
025 ## - OVERSEAS ACQUISITION NUMBER
Overseas acquisition number PL480:I-E-8775
043 ## - GEOGRAPHIC AREA CODE
Geographic area code a-ii---
050 0# - LIBRARY OF CONGRESS CALL NUMBER
Classification number DS498
Item number .B75
100 10 - MAIN ENTRY--PERSONAL NAME
Personal name Braganza, Alfred.
245 14 - TITLE STATEMENT
Title The discovery of Goa.
260 0# - PUBLICATION, DISTRIBUTION, ETC.
Place of publication, distribution, etc. [Bombay]
Name of publisher, distributor, etc. Brooks Publications
Date of publication, distribution, etc. [1964]
300 ## - PHYSICAL DESCRIPTION
Extent 116 p.
Other physical details illus.
Dimensions 22 cm.
350 ## - PRICE (NR) (BK AM CF MU VM SE) [OBSOLETE]
Price Rs2
-- Rs7 (library ed.)
651 #0 - SUBJECT ADDED ENTRY--GEOGRAPHIC NAME
Geographic name Goa.

No items available.

Powered by Koha